Testing the Neoclassical Model of Family Labor Supply and Fertility
Uložené v:
| Hlavný autor: | |
|---|---|
| Médium: | Kniha |
| Jazyk: | English |
| Vydavateľské údaje: |
New Haven
Yale University
1991
|
| Vydanie: | 1. ed. |
| Edícia: | Center Paper
No.445 |
| Tagy: |
Žiadne tagy, Buďte prvý, kto otaguje tento záznam!
|
MARC
| LEADER | 00000nam a2200000 4500 | ||
|---|---|---|---|
| 001 | c030447 | ||
| 005 | 20221214095045.2 | ||
| 041 | 0 | |a eng | |
| 044 | |a US | ||
| 245 | 1 | 0 | |a Testing the Neoclassical Model of Family Labor Supply and Fertility |c Paul T. Schultz |
| 250 | |a 1. ed. | ||
| 264 | 1 | |a New Haven |b Yale University |c 1991 | |
| 300 | |a S.600-634 | ||
| 490 | 1 | |a Center Paper |v No.445 | |
| 830 | 0 | |a Center Paper |v No.445 | |
| 100 | 1 | |a Schultz, Paul T. | |